000 00541nam a2200205Ia 4500
005 20260429112109.0
008 260429s9999||||xx |||||||||||||| ||und||
020 _a9781032384368
041 _aEnglish
082 _a658.5
_bKRE
100 _aKreye, Melanie E.
245 0 _aSustainable operations and supply chain management /
_cMelanie E. Kreye
250 _a1st ed.
260 _aLondon :
_bRoutledge,
_c2023.
300 _a160 p.; pbk
650 _a Management
650 _a Operations
650 _aSupply chain
942 _cTB
999 _c52333
_d52333